| 000 | 00921nam a2200193 i 4500 | ||
|---|---|---|---|
| 001 | 158792 | ||
| 003 | ES-MaACL | ||
| 005 | 20230906211323.0 | ||
| 008 | 010706s1857 fr af |||| | fre d | ||
| 040 |
_aCCPB | B _bspa _cCCPB | B |
||
| 100 | 1 |
_aMarmont, Auguste Fréderic Louis _cViesse de, Duc de Raguse. _9129517 |
|
| 245 | 1 | 0 |
_aMémoires du Duc de Raguse de 1792 à 1832 _b: imprimés sur le manuscrit original de l'auteur, avec le portrait du Duc de Reischstadt celui du Duc de Raguse et quatre fac-simile. |
| 260 |
_aParis : _bPerrotin, _c1857. |
||
| 300 |
_a9 v. : _bil. ; _c23 cm. |
||
| 510 | 3 | _aWWW BNP, 15/03/05 | |
| 597 | 1 | _aT.I (456 p.) -- T.II (413 p.) -- T.IV (479 p.) -- T.V (400 p.) -- T.VI (431 p.) -- T.VII (441 p.) -- t.VIII (441 p.) -- t. IX (456 p.) | |
| 600 | 1 | 4 |
_aMarmont, Auguste Fréderic Louis _cViesse de, Duc de Raguse- _xBiografías. _9129518 |
| 852 |
_aES-MaACL _jG-1361-69 _z-- Enc. hol. |
||
| 999 |
_c158792 _d158792 |
||